000 00383 a2200145 4500
005 20250507100733.0
020 _a7121-0402-X
082 _aLECT 330.3 HAN
100 _aHANSON, J, L.
245 _aA Dictionary of Economics and Commerce
250 _a2nd Ed,
260 _aLondon,
_bMacdonald & Evance Ltd,
_c1967.
300 _a432p.: ill.; graphs, tables,
_c22cm.
942 _2ddc
_cBKS
999 _c2083
_d2083